Die Absolventen der höheren Schulen Ost- und Westpreußens 1825 - 1915
| Titel: | Die Absolventen der höheren Schulen Ost- und Westpreußens 1825 - 1915 |
|---|---|
| Verfasser: | |
| Veröffentlicht: | Hamburg : Selbstverlag, 2016 |
| Format: | Mehrteiliges Werk |
| Sprache: | Deutsch |
| Schriftenreihe/ mehrbändiges Werk: |
Quellen, Materialien und Sammlungen zur altpreußischen Familienforschung / Verein für Familienforschung in Ost- und Westpreußen ; ... |
| Bände: |
alle Bände anzeigen
|
X
alg: 38696984 001A $03004:15-09-16 001B $03025:01-04-25 $t11:45:22.000 001C $03004:15-09-16 $t10:43:40.000 001D $03004:15-09-16 001U $0utf8 001X $00 002@ $0Acu 002C $aText $btxt $2rdacontent 002D $aohne Hilfsmittel zu benutzen $bn $2rdamedia 002E $aBand $bnc $2rdacarrier 003@ $0386969841 007A $0386969841 $aHEB 010@ $ager 010E $erda 011@ $a2016 013D $RQuelle $#Regesten $#Urkundenbuch Regest $#Urkunde Regest $74049007-5 $8Regest [Ts1] $9085136581 021A $aDie @Absolventen der höheren Schulen Ost- und Westpreußens 1825 - 1915 028A $BVerfasser $4aut $8Surkau, Hans-Christoph [Tp3] $9458298948 033A $pHamburg $nSelbstverlag 036E $aQuellen, Materialien und Sammlungen zur altpreußischen Familienforschung / Verein für Familienforschung in Ost- und Westpreußen $l... 039U $aRezension in $8--Oou--Komorowski, Manfred$Z1948- [Tp1]. [Surkau, Hans-Christoph: Die Absolventen der höheren Schulen Ost- und Westpreußens 1825 - 1915], 2020 $9528579622 044K $#Ostpreußen $#Ostpreußen $#Provinz Ostpreußen $74075754-7 $8Ostpreußen [Tg1] $9085214493 044K $#Westpreußen $#Königlich-Preußen $#Polnisch-Preußen $#Königliches Preußen $74079244-4 $8Westpreußen [Tg1] $908522510X 044K $RSchule $RSekundarstufe $#Höhere Schulen $74025356-9 $8Höhere Schule [Ts1] $9085063169 044K $RAbsolventin $#Absolvent $#Absolventen $#Abgänger Absolvent $74191664-5 $8Absolvent [Ts1] $908595375X 045F $a370.9438209034 $eDDC23BSB 045F/01 $a370.9 045F/03 $f09034 045F/03 $f0904 045F/03 $g4382 045F/03 $g43832 lok: 38696984 11 exp: 38696984 11 1 #EPN 201B/01 $014-10-19 $t22:38:03.000 201C/01 $014-10-19 203@/01 $01063990432 208@/01 $a14-10-19 $bdummy 201U/01 $0utf8 lok: 38696984 24 exp: 38696984 24 1 #EPN 201B/01 $015-09-16 $t10:43:40.000 201C/01 $015-09-16 201U/01 $0utf8 203@/01 $0782665853 208@/01 $a15-09-16 $bda 209B/01 $aEinzelbestellung abgeschlossen (050) $x09 220C/01 $ahae lok: 38696984 78 exp: 38696984 78 1 #EPN 201B/01 $003-08-17 $t14:14:13.000 201C/01 $003-08-17 201U/01 $0utf8 203@/01 $01005332061 208@/01 $a03-08-17 $be 209A/01 $a/ $f000 $x00 209A/01 $ab*p $x01 220C/01 $apgar 244Z/01 $#Preußen $#Preußen $#Brandenburg-Preußen $#Königreich Preußen $#Preußische Staaten $#Preußischer Staat $#Der @Preußische Staat $#Königlich Preußische Staaten $#Prusy Królewskie $#Königlich Preußen $#Prussia $74047194-9 $8--Tg1--Preußen $x01 $9085131652 247C/01 $82080>Marburg/Lahn, Herder-Institut, Forschungsbibliothek, Bibliographieportal $9336309341
| LEADER | 00000cam a2200000 ca4500 | ||
|---|---|---|---|
| 001 | 386969841 | ||
| 003 | DE-603 | ||
| 005 | 20250401114522.0 | ||
| 007 | tu | ||
| 008 | 160915s2016 xx |||| | u00||u|ger c | ||
| 035 | |a (DE-599)HEB386969841 | ||
| 040 | |a DE-603 |b ger |c DE-603 |d DE-603 |e rda | ||
| 041 | |a ger | ||
| 082 | 0 | 4 | |8 1\u |a 370.9438209034 |q DE-101 |2 23/BSB |
| 085 | |8 1\u |b 370.9 | ||
| 085 | |8 1\u |z 1 |s 09034 | ||
| 085 | |8 1\u |z 1 |s 0904 | ||
| 085 | |8 1\u |z 2 |s 4382 | ||
| 085 | |8 1\u |z 2 |s 43832 | ||
| 100 | 1 | |a Surkau, Hans-Christoph |e Verfasser |4 aut |0 (DE-603)458298948 |0 (DE-588)1203888309 |2 gnd | |
| 245 | 0 | 0 | |a Die Absolventen der höheren Schulen Ost- und Westpreußens 1825 - 1915 |
| 264 | 1 | |a Hamburg |b Selbstverlag |c 2016 | |
| 336 | |a Text |b txt |2 rdacontent | ||
| 337 | |a ohne Hilfsmittel zu benutzen |b n |2 rdamedia | ||
| 338 | |a Band |b nc |2 rdacarrier | ||
| 490 | 0 | |a Quellen, Materialien und Sammlungen zur altpreußischen Familienforschung / Verein für Familienforschung in Ost- und Westpreußen |v ... | |
| 650 | 7 | |a Höhere Schule |0 (DE-588)4025356-9 |0 (DE-603)085063169 |2 gnd | |
| 650 | 7 | |a Absolvent |0 (DE-588)4191664-5 |0 (DE-603)08595375X |2 gnd | |
| 651 | 7 | |a Ostpreußen |0 (DE-588)4075754-7 |0 (DE-603)085214493 |2 gnd | |
| 651 | 7 | |a Westpreußen |0 (DE-588)4079244-4 |0 (DE-603)08522510X |2 gnd | |
| 655 | 7 | |a Regest |2 gnd-content |0 (DE-588)4049007-5 |0 (DE-603)085136581 | |
| 787 | 0 | 8 | |i Rezension in |a Komorowski, Manfred, 1948- |t [Surkau, Hans-Christoph: Die Absolventen der höheren Schulen Ost- und Westpreußens 1825 - 1915] |w (DE-603)528579622 |
| 924 | 0 | |9 603 |a (DE-603)1063990432 |b DE-603 |c HES |d d | |
| 924 | 0 | |9 603 |a (DE-603)782665853 |b DE-603 |c HES |d d | |
| 924 | 0 | |9 2080 |a (DE-603)1005332061 |b DE-2080 |c HES |d d |g / | |


